[Event "Krefeld Christmas op"]
[Site "Krefeld"]
[Date "2024.12.29"]
[Round "4"]
[White "Peters, Alex"]
[Black "Sandkamp, Ralph"]
[Result "1/2-1/2"]
[WhiteElo "2118"]
[BlackElo "2212"]
[PlyCount "58"]
[EventDate "2024.12.27"]
[EventType "swiss"]
[EventRounds "7"]
[EventCountry "GER"]
[SourceTitle "CB01_2025"]
[SourceDate "2025.01.01"]
[SourceVersion "1"]
[SourceVersionDate "2025.01.01"]
[SourceQuality "1"]

1. b3 d6 2. Bb2 e5 3. e3 f5 4. d4 Nd7 5. dxe5 dxe5 6. Bc4 Ngf6 7. Nf3 Bb4+ 8. c3 Bd6 9. Ng5 Qe7 10. Nf7 Rf8 11. Nxd6+ Qxd6 12. Qxd6 cxd6 13. Na3 a6 14. 0-0-0 Ke7 15. f3 b5 16. Be2 Bb7 17. c4 b4 18. Nc2 a5 19. Rhg1 Nc5 20. f4 Nfd7 21. Bf3 Rfb8 22. Bxb7 Rxb7 23. fxe5 dxe5 24. Rd5 Ke6 25. g4 g6 26. gxf5+ gxf5 27. Rg7 a4 28. Rxh7 axb3 29. axb3 Nxb3+ 1/2-1/2

[Event "Oberliga NRW 2324"]
[Site "Germany"]
[Date "2023.11.19"]
[Round "4.4"]
[White "Sandkamp, Ralph"]
[Black "Meyer, Armin"]
[Result "1/2-1/2"]
[WhiteElo "2237"]
[BlackElo "2180"]
[PlyCount "54"]
[EventDate "2023.09.03"]
[EventType "team-tourn"]
[EventRounds "9"]
[EventCountry "GER"]
[SourceTitle "EXT 2025"]
[Source "ChessBase"]
[SourceDate "2024.10.14"]
[SourceVersion "1"]
[SourceVersionDate "2024.10.14"]
[SourceQuality "1"]
[WhiteTeam "Wattenscheid"]
[BlackTeam "Essen Katernberg II"]
[WhiteTeamCountry "GER"]
[BlackTeamCountry "GER"]

1. e4 e6 2. d4 d5 3. Nc3 dxe4 4. Nxe4 Nd7 5. Nf3 Ngf6 6. Bg5 Be7 7. Bxf6 Nxf6 8. Bd3 Nxe4 9. Bxe4 c5 10. dxc5 Qxd1+ 11. Rxd1 Bxc5 12. 0-0 f6 13. Rfe1 Rb8 14. Bd5 Ke7 15. Bb3 Re8 16. Kf1 Bd7 17. Nd4 Bxd4 18. Rxd4 Rbd8 19. Rde4 Kd6 20. f4 e5 21. fxe5+ Rxe5 22. Rd1+ Ke7 23. Rxe5+ fxe5 24. Rd5 Rf8+ 25. Ke2 Rf5 26. Ke3 Bc6 27. Rd2 Rf1 1/2-1/2

[Event "Oberliga NRW 2223"]
[Site "Germany"]
[Date "2023.02.12"]
[Round "5.5"]
[White "Sandkamp, Ralph"]
[Black "Essing, Arnold"]
[Result "0-1"]
[WhiteElo "2229"]
[BlackElo "2209"]
[PlyCount "76"]
[EventDate "2022.09.11"]
[EventType "team-tourn"]
[EventRounds "9"]
[EventCountry "GER"]
[SourceTitle "EXT 2025"]
[Source "ChessBase"]
[SourceDate "2024.10.14"]
[SourceVersion "1"]
[SourceVersionDate "2024.10.14"]
[SourceQuality "1"]
[WhiteTeam "Wattenscheid"]
[BlackTeam "Lieme"]
[WhiteTeamCountry "GER"]
[BlackTeamCountry "GER"]

1. Nf3 d5 2. g3 Bg4 3. Bg2 Nd7 4. d4 e6 5. 0-0 Bd6 6. Nbd2 f5 7. c4 c6 8. Qb3 Rb8 9. Re1 Qf6 10. Nf1 h6 11. cxd5 exd5 12. Qa4 a6 13. Ne5 Nxe5 14. dxe5 Bxe5 15. Ne3 Ne7 16. Nxg4 fxg4 17. Qxg4 0-0 18. Bf3 Nf5 19. Rb1 Rbe8 20. Rf1 Nd4 21. Bg2 Qf5 22. Qxf5 Nxe2+ 23. Kh1 Rxf5 24. Bd2 Rff8 25. Bb4 Rf6 26. Bh3 Bd6 27. Bxd6 Rxd6 28. Rbd1 c5 29. Rfe1 Kf8 30. Kg2 Nd4 31. Rxe8+ Kxe8 32. Bc8 Rb6 33. b3 Ke7 34. Re1+ Kd6 35. Re8 c4 36. Rd8+ Kc5 37. bxc4 dxc4 38. Rd7 c3 0-1

[Event "Muenster op-A 39th"]
[Site "Muenster"]
[Date "2022.10.03"]
[Round "3"]
[White "Schroeder, Lennart"]
[Black "Sandkamp, Ralph"]
[Result "0-1"]
[WhiteElo "2031"]
[BlackElo "2241"]
[PlyCount "40"]
[EventDate "2022.10.01"]
[EventType "swiss"]
[EventRounds "9"]
[EventCountry "GER"]
[SourceTitle "EXT 2023"]
[Source "ChessBase"]
[SourceDate "2022.10.05"]
[SourceVersion "1"]
[SourceVersionDate "2022.10.05"]
[SourceQuality "1"]

1. Nf3 Nf6 2. g3 g6 3. b3 Bg7 4. Bb2 0-0 5. Bg2 d6 6. d4 c5 7. 0-0 cxd4 8. Nxd4 d5 9. c4 e5 10. Nc2 d4 11. f4 Nc6 12. fxe5 Ng4 13. Bxc6 bxc6 14. Bxd4 Qe7 15. Nd2 Rd8 16. Qc1 Bh6 17. Rd1 Rxd4 18. Nxd4 Be3+ 19. Kg2 Bxd4 20. Rb1 Ne3+ 0-1

[Event "Oberliga NRW 1718"]
[Site "Germany"]
[Date "2018.04.08"]
[Round "8.4"]
[White "Sandkamp, Ralph"]
[Black "Suvorov, Luca"]
[Result "0-1"]
[WhiteElo "2201"]
[BlackElo "2111"]
[PlyCount "60"]
[EventDate "2017.09.17"]
[EventType "team-tourn"]
[EventRounds "9"]
[EventCountry "GER"]
[SourceTitle "EXT 2019"]
[Source "ChessBase"]
[SourceDate "2018.10.10"]
[SourceVersion "1"]
[SourceVersionDate "2018.10.10"]
[SourceQuality "1"]
[WhiteTeam "Wattenscheid"]
[BlackTeam "Koeln Porz II"]
[WhiteTeamCountry "GER"]
[BlackTeamCountry "GER"]

1. Nf3 Nf6 2. g3 e6 3. Bg2 d5 4. 0-0 c5 5. d4 cxd4 6. Nxd4 e5 7. Nb3 Be6 8. Bg5 Nbd7 9. e4 d4 10. f4 h6 11. fxe5 hxg5 12. exf6 Nxf6 13. Nxd4 Bc5 14. c3 Ng4 15. Qa4+ Ke7 16. h3 Ne3 17. Rf2 Nxg2 18. Rxg2 Rxh3 19. Na3 Qh8 20. Kf2 Rh2 21. Rag1 Rxg2+ 22. Kxg2 Qh3+ 23. Kf2 Rd8 24. Nac2 Qh2+ 25. Rg2 Qh5 26. Ne3 Qg6 27. Qb5 Bxd4 28. Qxb7+ Rd7 29. Qb4+ Kf6 30. e5+ Bxe5 0-1

[Event "Oberliga NRW 1617"]
[Site "Germany"]
[Date "2016.11.13"]
[Round "3.4"]
[White "Sandkamp, Ralph"]
[Black "Kaufeld, Juergen"]
[Result "1/2-1/2"]
[WhiteElo "2280"]
[BlackElo "2327"]
[PlyCount "53"]
[EventDate "2016.09.25"]
[EventType "team-tourn"]
[EventRounds "9"]
[EventCountry "GER"]
[SourceTitle "EXT 2020"]
[Source "ChessBase"]
[SourceDate "2019.10.17"]
[SourceVersion "1"]
[SourceVersionDate "2019.10.17"]
[SourceQuality "1"]
[WhiteTeam "Wattenscheid"]
[BlackTeam "Oberhausen"]
[WhiteTeamCountry "GER"]
[BlackTeamCountry "GER"]

1. c4 Nf6 2. g3 g6 3. Bg2 d5 4. cxd5 Nxd5 5. Nc3 Nb6 6. d3 Bg7 7. Be3 Na6 8. Qd2 h5 9. Nf3 c6 10. a3 Bg4 11. h3 Bxf3 12. Bxf3 Nc7 13. Qc2 Ne6 14. Rc1 Nd4 15. Bxd4 Qxd4 16. e3 Qf6 17. Bg2 0-0 18. 0-0 Rfd8 19. d4 e5 20. Ne4 Qe7 21. Qc5 Qe6 22. dxe5 Bxe5 23. Qc2 Qa2 24. Nc3 Qc4 25. Ne4 Qa2 26. Nc3 Qc4 27. Ne4 1/2-1/2

[Event "NRW Class2 1314"]
[Site "Germany"]
[Date "2013.10.06"]
[Round "2.1"]
[White "Sandkamp, Ralph"]
[Black "Zelbel, Patrick"]
[Result "1/2-1/2"]
[WhiteElo "2203"]
[BlackElo "2379"]
[PlyCount "54"]
[EventDate "2013.09.15"]
[EventType "team-tourn"]
[EventRounds "9"]
[EventCountry "GER"]
[SourceTitle "EXT 2015"]
[Source "ChessBase"]
[SourceDate "2014.11.20"]
[SourceVersion "1"]
[SourceVersionDate "2014.11.20"]
[SourceQuality "1"]
[WhiteTeam "Herne Sodingen"]
[BlackTeam "Dortmund Hansa II"]
[WhiteTeamCountry "GER"]
[BlackTeamCountry "GER"]

1. d4 Nf6 2. Nf3 e6 3. g3 c5 4. c4 cxd4 5. Nxd4 d5 6. Bg2 e5 7. Nf3 d4 8. e3 Nc6 9. exd4 exd4 10. 0-0 Be7 11. Bf4 0-0 12. Ne5 Qb6 13. Qb3 Na5 14. Qb5 Be6 15. Nd2 Qxb5 16. cxb5 Nh5 17. Nd3 Bf5 18. Be4 Bxe4 19. Nxe4 Nc4 20. Rfd1 Rac8 21. b3 f5 22. Ng5 Nxf4 23. gxf4 Na3 24. Ne6 Rfe8 25. Nxd4 Bf6 26. Ne5 Bxe5 27. fxe5 Rxe5 1/2-1/2

[Event "NRW Class1 0910"]
[Site "Germany"]
[Date "2009.09.20"]
[Round "1.1"]
[White "Sandkamp, Ralph"]
[Black "Becker, Marcel"]
[Result "1/2-1/2"]
[WhiteElo "2327"]
[BlackElo "2363"]
[PlyCount "53"]
[EventDate "2009.09.20"]
[EventType "team-tourn"]
[EventRounds "9"]
[EventCountry "GER"]
[SourceTitle "EXT 2011"]
[Source "ChessBase"]
[SourceDate "2010.11.26"]
[SourceVersion "1"]
[SourceVersionDate "2010.11.26"]
[SourceQuality "1"]
[WhiteTeam "Herne Sodingen"]
[BlackTeam "Letmathe"]
[WhiteTeamCountry "GER"]
[BlackTeamCountry "GER"]

1. Nf3 d5 2. g3 Bg4 3. Bg2 Nd7 4. d4 c6 5. 0-0 Ngf6 6. Nbd2 e6 7. Re1 Be7 8. e4 0-0 9. c3 Bh5 10. Qb3 Qb6 11. Qxb6 axb6 12. exd5 Nxd5 13. Ne5 Nxe5 14. Rxe5 Bg6 15. Re1 b5 16. Nf3 Ra7 17. Bg5 Bxg5 18. Nxg5 h6 19. Bxd5 exd5 20. Nf3 f6 21. a3 Re8 22. Nh4 Bf7 23. Rxe8+ Bxe8 24. Re1 Kf8 25. f4 b6 26. f5 Re7 27. Rxe7 1/2-1/2

[Event "Champions Challenge 219th"]
[Site "Playchess.com INT"]
[Date "2007.10.06"]
[Round "2.1"]
[White "Sumets, Andrey"]
[Black "Sandkamp, Ralph"]
[Result "0-1"]
[WhiteElo "2529"]
[BlackElo "2346"]
[PlyCount "118"]
[EventDate "2007.10.06"]
[EventType "k.o. (blitz)"]
[EventRounds "4"]
[EventCountry "GER"]
[SourceTitle "EXT 2010"]
[Source "ChessBase"]
[SourceDate "2010.11.25"]
[SourceVersion "1"]
[SourceVersionDate "2010.11.25"]
[SourceQuality "1"]

1. d4 Nf6 2. c4 g6 3. Nc3 Bg7 4. e4 d6 5. Nf3 0-0 6. Be2 c5 7. 0-0 cxd4 8. Nxd4 Nc6 9. Be3 Bd7 10. Nc2 Rc8 11. f3 a6 12. Qd2 Re8 13. Rfd1 Qa5 14. Rab1 Be6 15. b4 Qc7 16. Na3 Ne5 17. Nd5 Bxd5 18. cxd5 Qc3 19. Rb3 Qxd2 20. Rxd2 Rc1+ 21. Kf2 Rec8 22. h3 R1c3 23. b5 a5 24. Rxc3 Rxc3 25. Nc2 Nfd7 26. Bd4 Rc8 27. Ne3 Nc5 28. Bxe5 Bxe5 29. Nc4 a4 30. Nxe5 dxe5 31. d6 exd6 32. Rxd6 Ne6 33. Rd5 Rc2 34. Rxe5 Nd4 35. Ke3 Nxe2 36. Re7 Rxa2 37. Rxb7 Rb2 38. b6 Kg7 39. Rc7 Ng3 40. b7 a3 41. Rc3 Rxb7 42. Rxa3 Rb2 43. f4 h5 44. Kf3 h4 45. Re3 Rb1 46. Kg4 Nh5 47. f5 Rg1 48. Re2 Ng3 49. Ra2 Nxe4 50. fxg6 Kxg6 51. Kxh4 f5 52. Re2 Kf6 53. g4 Ke5 54. gxf5 Kxf5 55. Ra2 Rg8 56. Ra5+ Kf4 57. Rh5 Nf6 58. Rh6 Kf5 59. Rg6 Rh8+ 0-1